ბათუმის შოთა რუსთაველის სახელმწიფო უნივერსიტეტის ბიბლიოთეკა

ჩვენი თვალები (ბიბ.ჩანაწერი № 49663)

000 -LEADER
fixed length control field 00728nam a2200217Ia 4500
001 - CONTROL NUMBER
control field 16595
003 - CONTROL NUMBER IDENTIFIER
control field GE_BSU
008 - FIXED-LENGTH DATA ELEMENTS--GENERAL INFORMATION
fixed length control field 181216s||||||||xx |||||||||||||| ||und||
040 ## - CATALOGING SOURCE
Transcribing agency GE_BSU
080 ## - UNIVERSAL DECIMAL CLASSIFICATION NUMBER
Universal Decimal Classification number 821.353.1-32
100 ## - MAIN ENTRY--PERSONAL NAME
Personal name კვეიძე, ნესტან
245 ## - TITLE STATEMENT
Title ჩვენი თვალები
245 ## - TITLE STATEMENT
Statement of responsibility, etc. რედ.თ.ლანჩავა.მხ.ოთარ ქანდარია
260 ## - PUBLICATION, DISTRIBUTION, ETC.
Place of publication, distribution, etc. ქუთაისი
260 ## - PUBLICATION, DISTRIBUTION, ETC.
Name of publisher, distributor, etc. საბჭ. საქართველო, ქუთაისის ფილიალი
260 ## - PUBLICATION, DISTRIBUTION, ETC.
Date of publication, distribution, etc. 1981
300 ## - PHYSICAL DESCRIPTION
Extent 98გვ. ; 16სმ
653 ## - INDEX TERM--UNCONTROLLED
Uncontrolled term მოთხრობები
653 ## - INDEX TERM--UNCONTROLLED
Uncontrolled term ჩვენი თვალები
942 ## - ADDED ENTRY ELEMENTS (KOHA)
Koha item type წიგნი
ეგზემპლარები
Withdrawn status Lost status Damaged status Not for loan Date acquired Barcode Date last seen Price effective from Koha item type
        2018-12-17 41289 2018-12-17 2018-12-17 წიგნი
        2018-12-17 41290 2018-12-17 2018-12-17 წიგნი
        2018-12-17 41291 2018-12-17 2018-12-17 წიგნი
        2018-12-17 41292 2018-12-17 2018-12-17 წიგნი
        2018-12-17 41293 2018-12-17 2018-12-17 წიგნი
        2018-12-17 41294 2018-12-17 2018-12-17 წიგნი